[Event "6th Uppsala Young Champions 2019"]
[Site "Uppsala"]
[Date "2019.10.28"]
[Round "5.10"]
[White "Nguyen, Gabriel"]
[Black "Ostlund, Joar"]
[Result "1-0"]
[WhiteElo "2071"]
[BlackElo "1955"]
[Annotator "NA RC"]
[PlyCount "103"]
[EventDate "2019.10.25"]
[EventType "swiss"]
[EventCountry "SWE"]
[SourceTitle "playchess.com"]
[Source "ChessBase"]
[SourceQuality "1"]
[TimeControl "5400+30"]

1. d4 {[%emt 0:00:27]} d5 {[%emt 0:00:00]} 2. c4 {[%emt 0:00:30]} e6 {[%emt 0:00:00]} 3. Nc3 {[%emt 0:00:04]} Nf6 {[%emt 0:00:00]} 4. Nf3 {[%emt 0:01:09]} c6 {[%emt 0:00:23]} 5. Bg5 {[%emt 0:00:04]} Be7 {[%emt 0:01:34]} 6. e3 {[%emt 0:00:07]} Nbd7 {[%emt 0:00:17]} 7. Bd3 {[%emt 0:00:19]} dxc4 {[%emt 0:02:03]} 8. Bxc4 {[%emt 0:00:05]} b5 {[%emt 0:00:33]} 9. Bd3 {[%emt 0:00:05]} a6 {[%emt 0:00:33]} 10. a4 {[%emt 0:00:44] D53: Queen's Gambit Declined: 4 Bg5 Be7: Early deviations} Bb7 {[%emt 0:03:34]} 11. Rc1 {[%emt 0:03:18]} Rc8 {[%emt 0:12:11]} (11... b4 $5 {[%cal Rb4c3]} 12. Ne2 c5 $11) 12. Qe2 $146 {[%emt 0:02:10]} ({Predecessor:} 12. O-O Qb6 13. Ne5 Nxe5 14. dxe5 Nd7 15. Bxe7 Kxe7 16. Qg4 h6 17. Qg3 Rcd8 {1-0 (33) Laurusas,T (2419)-Tokranovs,D (2325) Panevezys 2017}) 12... b4 {[%emt 0:04:44]} 13. Bxf6 {[%emt 0:02:47]} Nxf6 {[%emt 0:02:37]} 14. Ne4 {[%emt 0:00:18]} Nxe4 {[%emt 0:04:22]} 15. Bxe4 {[%emt 0:00:14]} Qb6 {[%emt 0:00:44]} (15... Qc7 $11) 16. O-O {[%emt 0:05:43]} c5 {[%emt 0:01:47]} 17. Bd3 {[%emt 0:08:08]} cxd4 {[%emt 0:06:39]} 18. Rxc8+ {[%emt 0:01:45]} Bxc8 {[%emt 0:00:06]} 19. Nxd4 {[%emt 0:00:39]} O-O {[%emt 0:01:55]} 20. h3 {[%emt 0:03:35]} (20. Qc2 $11) 20... Bb7 {[%emt 0:03:15]} 21. Rc1 {[%emt 0:00:05]} Bf6 {[%emt 0:03:39]} 22. Nb3 {[%emt 0:01:31]} Rd8 {[%emt 0:02:33]} 23. Qc2 {[%emt 0:18:35]} g6 {[%emt 0:03:54]} 24. Be2 {[%emt 0:08:19]} Bd5 $15 {[%emt 0:13:12]} 25. Rd1 {[%emt 0:05:01]} Bxb3 {[%emt 0:08:08]} 26. Rxd8+ {[%emt 0:03:35]} Qxd8 {[%emt 0:00:12]} 27. Qxb3 {[%emt 0:00:07]} a5 {[%emt 0:00:58]} 28. Qc2 {[%emt 0:00:25]} Qd5 {[%emt 0:01:28]} 29. b3 {[%emt 0:00:21]} Qe5 {[%emt 0:01:51]} 30. Qc4 {[%emt 0:00:50]} Qb2 {[%emt 0:03:58]} 31. g3 {[%emt 0:01:06]} h5 {[%emt 0:01:19]} 32. Kg2 {[%emt 0:02:33]} Qc3 {[%emt 0:02:56]} 33. g4 {[%emt 0:01:12]} Qxc4 {[%emt 0:01:43]} 34. Bxc4 {[%emt 0:00:28]} hxg4 {[%emt 0:00:39]} 35. hxg4 {[%emt 0:00:32]} Bd8 {[%emt 0:00:41]} 36. f4 {[%emt 0:00:30]} g5 {[%emt 0:01:05]} 37. Kf3 {[%emt 0:00:24]} gxf4 {[%emt 0:01:00]} 38. exf4 {[%emt 0:00:06]} Kg7 {[%emt 0:01:46]} 39. g5 {[%emt 0:00:47]} f6 {[%emt 0:01:40]} 40. Kg4 {[%emt 0:00:38]} fxg5 {[%emt 0:01:13]} 41. fxg5 {[%emt 0:00:05]} e5 {[%emt 0:00:39]} 42. Bd3 {[%emt 0:00:38]} Bc7 {[%emt 0:00:05]} 43. Kf5 {[%emt 0:00:05]} Bd6 {[%emt 0:00:08]} 44. Be4 {[%emt 0:01:13]} Bc7 {[%emt 0:00:07]} 45. Ke6 {[%emt 0:00:07]} Bb8 {[%emt 0:00:06]} 46. Kd7 {[%emt 0:00:42]} Kf7 {[%emt 0:00:06]} 47. Kc6 {[%emt 0:00:30]} Ke8 {[%emt 0:09:27]} 48. Kb6 {[%emt 0:00:41]} Bd6 {[%emt 0:00:33]} 49. Kxa5 {[%emt 0:00:09]} Kd7 {[%emt 0:01:09]} 50. Kb6 {[%emt 0:00:16]} Be7 {[%emt 0:00:41]} 51. g6 {[%emt 0:00:07]} Kc8 {[%emt 0:00:41]} 52. g7 {[%emt 0:00:10]} 1-0

[Event "6th Uppsala Young Champions 2019"]
[Site "Uppsala"]
[Date "2019.10.28"]
[Round "5.11"]
[White "Fjallheim, Leif Reinert"]
[Black "Ostensson, Julia"]
[Result "1-0"]
[WhiteElo "1985"]
[BlackElo "1483"]
[Annotator "NA RC"]
[PlyCount "59"]
[EventDate "2019.10.25"]
[EventType "swiss"]
[EventCountry "SWE"]
[SourceTitle "playchess.com"]
[Source "ChessBase"]
[SourceQuality "1"]
[TimeControl "5400+30"]

1. d4 {[%emt 1:30:30]} d5 {[%emt 1:30:30]} 2. Bf4 {[%emt 0:00:30]} Nf6 {[%emt 0:00:30]} 3. e3 {[%emt 0:00:30]} c5 {[%emt 0:00:30]} 4. c3 {[%emt 0:00:30]} Nc6 {[%emt 0:00:30]} 5. Nd2 {[%emt 0:00:30]} Bf5 {[%emt 0:00:30]} 6. Ngf3 {[%emt 0:00:30]} e6 {[%emt 0:00:30]} 7. Qb3 {[%emt 0:00:30] D00: 1 d4 d5: Unusual lines} (7. Be2 Bd6 8. dxc5 Bxc5 9. Nd4 Bg6 10. Qa4 O-O 11. Nxc6 bxc6 12. Qxc6 Rc8 13. Qa4 Re8 14. O-O e5 {0-1 (57) Le,Q (2737)-Ding,L (2777) Riadh 2017}) 7... Qd7 {[%emt 0:00:30]} 8. Ne5 {[%emt 0:00:30]} Qc8 {[%emt 0:00:30]} 9. Bb5 {[%emt 0:00:30]} Nd7 {[%emt 0:00:30]} 10. Ndf3 $146 {[%emt 0:00:30]} ({Predecessor:} 10. Nxd7 Qxd7 11. Be2 c4 12. Qd1 Bd6 13. Bxd6 Qxd6 14. b4 O-O {½-½ (32) Ballmann,M (2397)-Buss,R (2322) Switzerland 2018}) 10... f6 {[%emt 0:00:30]} 11. Nxd7 {[%emt 0:00:30]} Qxd7 {[%emt 0:00:30]} 12. c4 {[%emt 0:00:30]} a6 {[%emt 0:00:30]} 13. Bxc6 {[%emt 0:00:30]} bxc6 {[%emt 0:00:30]} 14. Rc1 {[%emt 0:00:30]} cxd4 {[%emt 0:00:30]} 15. exd4 {[%emt 0:00:30]} Bd6 {[%emt 0:00:30]} 16. Bxd6 {[%emt 0:00:30]} Qxd6 {[%emt 0:00:30]} 17. cxd5 {[%emt 0:00:30]} cxd5 {[%emt 0:00:30]} 18. O-O {[%emt 0:00:30]} O-O {[%emt 0:00:30]} 19. Rc5 {[%emt 0:00:30]} Rfb8 {[%emt 0:00:30]} 20. Qc3 {[%emt 0:00:30]} Qb6 $16 {[%emt 0:00:30]} 21. b3 {[%emt 0:00:30]} a5 {[%emt 0:00:30]} 22. a3 {[%emt 0:00:30]} Rb7 {[%emt 0:00:30]} 23. Rc1 {[%emt 0:00:30]} Qxb3 {[%emt 0:00:30]} 24. Rc8+ {[%emt 0:00:30]} Rxc8 {[%emt 0:00:30]} 25. Qxc8+ {[%emt 0:00:30]} Kf7 {[%emt 0:00:30]} 26. Rc7+ {[%emt 0:00:30]} Kg6 {[%emt 0:00:30]} 27. h3 {[%emt 0:00:30]} Rxc7 {[%emt 0:00:30]} 28. Qxc7 {[%emt 0:00:30]} Qxa3 {[%emt 0:00:30]} 29. Qg3+ {[%emt 0:00:30]} Kf7 {[%emt 0:00:30]} 30. Ng5+ {[%emt 0:00:30]} 1-0

[Event "6th Uppsala Young Champions 2019"]
[Site "Uppsala"]
[Date "2019.10.28"]
[Round "5.12"]
[White "Vainerchuk, Barys"]
[Black "Falkevall, Axel"]
[Result "1-0"]
[WhiteElo "2136"]
[BlackElo "2036"]
[Annotator "TA"]
[PlyCount "169"]
[EventDate "2019.10.25"]
[EventType "swiss"]
[EventCountry "SWE"]
[SourceTitle "playchess.com"]
[Source "ChessBase"]
[SourceQuality "1"]

{[%evp 18,169,8,2,9,5,15,12,2,10,30,7,18,23,16,6,31,0,23,8,20,-10,0,-11,20,25,18,21,37,-41,0,-63,0,0,153,141,147,141,146,100,133,132,169,204,480,480,553,383,519,484,485,447,400,364,355,349,367,369,370,300,255,0,271,256,256,0,245,211,272,221,218,212,224,150,145,145,151,152,226,226,222,104,104,58,61,0,108,0,56,70,103,112,182,185,177,154,154,189,201,195,191,196,179,179,197,189,192,188,196,0,191,190,183,0,146,0,157,291,189,182,181,0,177,129,98,0,0,0,177,67,275,290,438,425,1551,565,1085,600,673,614,764,727,557,266,257,254,605,554,660,700,1244,1191,5210,803]} 1. e4 e6 2. d4 d5 3. Nc3 Nf6 4. Bg5 Be7 5. e5 Nfd7 6. Bxe7 Qxe7 7. Nb5 Nb6 8. c3 a6 9. Na3 c5 10. Nc2 Nc6 {C14: French: Classical System: 4 Bg5 Be7 main line} (10... Na4 11. Rb1 O-O 12. Nf3 f6 13. exf6 Qxf6 14. Be2 Nc6 15. O-O b5 16. Qd2 c4 17. Ne3 Qh6 18. Rfd1 {1-0 (66) Nestorovic,D (2387)-Volkov,S (2636) playchess.com INT 2007}) 11. Nf3 Bd7 12. Be2 O-O {The position is equal.} 13. O-O cxd4 14. cxd4 f6 15. exf6 $146 ({Predecessor:} 15. Bd3 fxe5 16. dxe5 Be8 17. Ncd4 Bh5 18. Qd2 {0-1 (43) Rohrer,C (1758)-Wallmueller,P (1606) St Ursanne 2011}) 15... gxf6 16. Ne3 Nc8 17. Re1 Nd6 18. Qb3 Be8 19. Bd3 Qg7 20. Nc2 Bf7 (20... Bh5 $5 {[%cal Rh5f3]} 21. Nd2 Qd7 $11) 21. Nb4 Ne7 22. Rac1 Rac8 23. Bb1 ({White should try} 23. Rxc8 $14 Rxc8 24. Bf1) 23... Kh8 (23... e5 $5) 24. Nd3 (24. Rxc8 $11 Rxc8 25. Nd3) 24... Rg8 (24... Nc6 $1 $15) 25. g3 $1 $11 Nef5 $2 (25... Rxc1 $11 26. Rxc1 Qg4) 26. Rxc8 $1 $16 Rxc8 27. Nf4 b5 28. Kg2 (28. Nxe6 Bxe6 29. Rxe6 Rc1+ 30. Kg2 Rxb1 $15) 28... Re8 29. Qc3 h5 30. Qc6 Rg8 $2 (30... e5) 31. Nxe6 $18 Qg4 32. Qd7 Re8 {aiming for ...Bxe6.} 33. Bxf5 Qxf5 34. Nh4 Qg4 35. h3 Qg8 {[%cal Rf7e6]} 36. Qxd6 {[%mdl 64] Double Attack} Bxe6 37. Re3 Qf7 38. Qf4 Kg7 39. Qd6 $2 (39. Rc3 $18) 39... Bd7 $2 {[%mdl 8192]} (39... Kh8 $1 $11 {and Black has nothing to worry.}) 40. Rc3 {Black must now prevent Rc7.} (40. Qxa6 $6 Rxe3 41. fxe3 Qe7 $16) 40... Rc8 41. Re3 {Hoping for Re7!} (41. Qxa6 $6 Rxc3 42. bxc3 Qe7 $16) 41... Re8 $1 42. Rf3 (42. Qxa6 $6 Rxe3 43. fxe3 Qe7) 42... Re1 43. Re3 Rxe3 44. fxe3 Qe8 45. Kf2 ({Avoid the trap} 45. Qxd5 $2 Bc6 $19) 45... Bxh3 46. Qxd5 Qc8 47. Qc5 Qg4 (47... Qe6 $16 {might work better.} 48. Qc2 (48. Qxh5 Qe4 $16) 48... Bg4) 48. Qe7+ Kg8 49. Qxf6 (49. Qd8+ $18 {has better winning chances.} Kf7 50. Qd5+ Kf8 51. Qd8+ Kg7 52. Qc7+ Qd7 53. Qc2) 49... Qd1 $16 {[%csl Gh3][%cal Rd1f1]} 50. Qg6+ Kf8 {[%csl Gh3][%cal Rd1f1]} 51. Qf6+ Kg8 {[%csl Gh3][%cal Rd1f1]} 52. Qg6+ (52. Qg5+ $16 Kf7 53. g4 Bxg4 54. Kg3) 52... Kf8 $14 {[%csl Gh3][%cal Rd1f1]} 53. Qh6+ Kg8 {[%csl Gh3][%cal Rd1f1]} 54. Qg5+ Kf8 (54... Kf7 $16 {keeps fighting.} 55. g4 Bxg4) 55. Ng6+ $18 Kf7 {[%csl Gh3][%cal Rd1f1]} 56. Ne5+ Ke8 {[%csl Gh3][%cal Rd1f1]} 57. Qg6+ Kd8 {[%csl Gh3][%cal Rd1f1]} 58. Qd6+ Ke8 {[%csl Gh3][%cal Rd1f1]} 59. Qb8+ Ke7 {[%csl Gh3][%cal Rd1f1]} 60. Qb7+ Ke8 {[%csl Gh3][%cal Rd1f1]} 61. Qc6+ Ke7 {[%csl Gh3][%cal Rd1f1]} 62. Qc5+ Ke8 {[%csl Gh3][%cal Rd1f1]} 63. Qc6+ {[%mdl 64] Double Attack} Ke7 $1 {[%csl Gh3][%cal Rd1f1]} 64. Qc7+ Ke8 {[%csl Gh3][%cal Rd1f1]} 65. Qc6+ Ke7 $1 {[%csl Gh3][%cal Rd1f1]} 66. Qb7+ Ke8 {[%csl Gh3][%cal Rd1f1]} 67. Qf7+ Kd8 {[%csl Gh3][%cal Rd1f1]} 68. Qf6+ Ke8 {[%csl Gh3][%cal Rd1f1]} 69. Qg6+ Kd8 $1 {[%csl Gh3][%cal Rd1f1]} 70. Qd3 Qh1 {[#]} 71. e4 (71. Qe2 $1 $16) 71... Qg2+ $11 72. Ke3 {Strongly threatening Kf4.} Qxb2 $2 (72... Qxg3+ $11 {and Black is okay.} 73. Nf3 Bg4) 73. Kf4 (73. Qd2 $18 Qa3+ 74. Kf2) 73... Qc1+ $2 (73... Qxa2 $14 74. Kg5 Qg8+ 75. Ng6 Kc7) 74. Qe3 $18 Qf1+ (74... Qc7 $142 75. Kg5 Kc8) 75. Kg5 {Threatens to win with d5.} h4 (75... Qf8 $142 76. Qc3 Qe7+ 77. Kg6 Bd7 78. Qa5+ {[%mdl 64] Double Attack} (78. Kxh5 Qh7+ 79. Kg5 Qe7+ 80. Kh6 Qe6+ 81. Kg5 Qe7+ 82. Kg6 Qe6+ 83. Kg7 Qe7+ 84. Kh6 Qf8+ 85. Kh5 Qe8+ 86. Kh6 Qf8+ 87. Kh5 Qe8+ 88. Ng6 Qe6 $18) 78... Ke8 79. Qxa6 Qe6+ 80. Qxe6+ Bxe6) 76. Kxh4 (76. d5 $142 {White threatens d6 and mate.} Bd7 77. Qb6+ Ke7 78. Qc5+ Kd8 79. Qb6+ Ke7 80. Qc5+ Ke8 81. Qc7) 76... Be6 77. Qg5+ Kc8 {[%csl Ge6][%cal Rf1h3]} 78. Qf4 Qh3+ 79. Kg5 Qh8 {[#]} 80. a3 (80. Qf6 $142 $1 Qd8 81. Kg6 Qe8+ 82. Kh6) 80... Qg7+ 81. Kh5 Qh7+ $2 (81... a5 82. d5 Bd7 83. Nxd7 Qh7+ 84. Kg4 Kxd7) 82. Qh6 {White is clearly winning.} Bf7+ {[#]} 83. Kg5 $1 {White wants to mate with Qc6+.} Qg8+ 84. Kf4 {Threatening mate with Qc6+.} Be6 85. Qf6 {Accuracy: White = 46%, Black = 31%.} (85. d5 $142 Bxd5 86. exd5 Qxd5 87. Qxa6+ Kc7 88. Qa7+ Kc8 89. Kf5) 1-0

[Event "6th Uppsala Young Champions 2019"]
[Site "Uppsala"]
[Date "2019.10.28"]
[Round "5.13"]
[White "Narva, David"]
[Black "Carlsson, Ludvig"]
[Result "1-0"]
[WhiteElo "1979"]
[BlackElo "2066"]
[Annotator "NA RC"]
[PlyCount "107"]
[EventDate "2019.10.25"]
[EventType "swiss"]
[EventCountry "SWE"]
[SourceTitle "playchess.com"]
[Source "ChessBase"]
[SourceQuality "1"]
[TimeControl "5400+30"]

1. e4 {[%emt 0:00:00]} e6 {[%emt 0:00:00]} 2. Nf3 {[%emt 0:00:43]} d5 {[%emt 0:00:12]} 3. e5 {[%emt 0:00:04]} c5 {[%emt 0:00:42]} 4. c3 {[%emt 0:00:05]} Nc6 {[%emt 0:01:38]} 5. Na3 {[%emt 0:00:46]} Bd7 {[%emt 0:00:14]} 6. Nc2 {[%emt 0:00:08]} Qb6 {[%emt 0:00:25]} 7. d4 {[%emt 0:00:05]} cxd4 {[%emt 0:00:09]} 8. cxd4 {[%emt 0:00:03]} Nb4 {[%emt 0:00:09] C02: French: Advance Variation} 9. Nxb4 {[%emt 0:00:04]} Bxb4+ {[%emt 0:00:09]} 10. Bd2 {[%emt 0:00:02]} Bxd2+ {[%emt 0:00:46]} 11. Qxd2 {[%emt 0:00:05]} Bb5 {[%emt 0:00:24]} 12. Bd3 {[%emt 0:02:14]} Qa6 {[%emt 0:02:42]} 13. Bxb5+ {[%emt 0:01:09]} Qxb5 {[%emt 0:00:08]} 14. a4 {[%emt 0:01:24] [#]} Qa6 $146 {[%emt 0:02:01]} ({Predecessor:} 14... Qb6 15. O-O Ne7 {½-½ (14) Ward,C (2505)-Tkachiev,V (2615) Hastings 1997}) 15. b4 {[%emt 0:01:28]} Ne7 {[%emt 0:00:24]} 16. b5 {[%emt 0:13:36]} Qb6 {[%emt 0:00:09]} 17. Qb4 {[%emt 0:06:08]} Nc6 {[%emt 0:02:19]} 18. Qc3 {[%emt 0:08:17]} Na5 {[%emt 0:02:55]} 19. Nd2 {[%emt 0:00:34]} O-O {[%emt 0:00:27]} 20. Rc1 {[%emt 0:00:34]} a6 {[%emt 0:00:34]} 21. Qc5 {[%emt 0:00:55]} Qxc5 {[%emt 0:00:43]} 22. dxc5 {[%emt 0:00:06]} axb5 {[%emt 0:02:20]} 23. axb5 {[%emt 0:06:44]} Nc4 $1 {[%emt 0:00:18]} 24. Nxc4 {[%emt 0:02:39]} dxc4 {[%emt 0:00:38]} 25. Ke2 {[%emt 0:04:57]} Ra5 {[%emt 0:15:04]} 26. Rxc4 {[%emt 0:07:41]} Rxb5 {[%emt 0:00:06]} 27. Rd1 {[%emt 0:01:56]} Rc8 {[%emt 0:01:02]} 28. Rdc1 {[%emt 0:05:33]} g5 {[%emt 0:03:04]} 29. Ke3 {[%emt 0:02:11]} Kg7 {[%emt 0:01:45]} 30. g4 {[%emt 0:06:11]} Kf8 {[%emt 0:02:35]} 31. R1c2 {[%emt 0:04:01]} Rd8 {[%emt 0:03:21]} 32. Rd4 {[%emt 0:04:43]} Ra8 $15 {[%emt 0:01:07]} 33. Rc3 {[%emt 0:01:43]} Ra1 {[%emt 0:03:09]} 34. Rd8+ {[%emt 0:03:21]} Kg7 {[%emt 0:00:10]} 35. Rb8 {[%emt 0:06:20]} Re1+ {[%emt 0:01:15]} 36. Kd4 {[%emt 0:01:09]} Rb4+ {[%emt 0:01:41]} 37. Rc4 {[%emt 0:02:10]} Re4+ {[%emt 0:00:19]} 38. Kxe4 {[%emt 0:00:12]} Rxc4+ {[%emt 0:00:07]} 39. Kf3 {[%emt 0:01:13]} Rxc5 {[%emt 0:00:07]} 40. Rxb7 {[%emt 0:00:04]} Rxe5 {[%emt 0:00:07]} 41. Kg3 {[%emt 0:00:08]} Re2 {[%emt 0:03:55]} 42. h3 {[%emt 0:00:26]} Kg6 {[%emt 0:00:10]} 43. Rb8 {[%emt 0:00:14]} h5 {[%emt 0:01:42]} 44. Rg8+ {[%emt 0:01:12]} Kf6 {[%emt 0:01:12]} 45. gxh5 {[%emt 0:02:16]} Re4 {[%emt 0:00:06]} 46. h6 {[%emt 0:00:14]} Rh4 {[%emt 0:00:04]} 47. f4 {[%emt 0:00:12]} Rh5 {[%emt 0:01:59]} 48. fxg5+ {[%emt 0:01:03]} Kf5 {[%emt 0:00:14]} 49. h4 {[%emt 0:00:17]} e5 {[%emt 0:00:27]} 50. Rg7 {[%emt 0:00:34]} e4 {[%emt 0:01:37]} 51. Rxf7+ {[%emt 0:00:08]} Ke6 {[%emt 0:00:10]} 52. Rf6+ {[%emt 0:00:22]} Ke7 {[%emt 0:00:06]} 53. Kg4 {[%emt 0:00:16]} e3 {[%emt 0:00:02]} 54. Rf3 {[%emt 0:00:18]} 1-0

[Event "6th Uppsala Young Champions 2019"]
[Site "Uppsala"]
[Date "2019.10.28"]
[Round "5.14"]
[White "Mitra, Akash"]
[Black "Soderstrom, Adrian"]
[Result "0-1"]
[WhiteElo "1936"]
[BlackElo "1960"]
[Annotator "NA RC"]
[PlyCount "98"]
[EventDate "2019.10.25"]
[EventType "swiss"]
[EventCountry "SWE"]
[SourceTitle "playchess.com"]
[Source "ChessBase"]
[SourceQuality "1"]
[TimeControl "5400+30"]

1. e4 {[%emt 1:30:30]} e5 {[%emt 1:30:30]} 2. Nf3 {[%emt 0:00:30]} Nc6 {[%emt 0:00:30]} 3. Bb5 {[%emt 0:00:30]} a6 {[%emt 0:00:30]} 4. Ba4 {[%emt 0:00:30]} Nf6 {[%emt 0:00:30]} 5. d3 {[%emt 0:00:30]} d6 {[%emt 0:00:30]} 6. c3 {[%emt 0:00:30]} Be7 {[%emt 0:00:30]} 7. Nbd2 {[%emt 0:00:30]} O-O {[%emt 0:00:30]} 8. h3 {[%emt 0:00:30] C77: Ruy Lopez: 3...a6 4 Ba4 Nf6, unusual lines} (8. O-O b5 9. Bb3 Na5 10. Bc2 c5 11. Re1 Nc6 12. Nf1 Re8 13. h3 h6 14. Ng3 Be6 15. d4 exd4 16. cxd4 cxd4 17. Nxd4 Nxd4 18. Qxd4 Rc8 19. Bb3 d5 20. exd5 Nxd5 21. Ne4 Qd7 22. Bd2 Qb7 {0-1 (67) Predke,A (2622)-Matlakov,M (2700) St Petersburg 2018}) 8... Nd7 {[%emt 0:00:30]} 9. g4 {[%emt 0:00:30]} (9. O-O $14) 9... b5 $146 {[%emt 0:00:30]} ({Predecessor:} 9... Nc5 10. Bc2 Ne6 11. Nf1 d5 12. Qe2 Re8 13. Ng3 g6 {0-1 (41) Albin,A-Gunsberg,I Monte Carlo 1902}) 10. Bc2 {[%emt 0:00:30]} Re8 {[%emt 0:00:30]} 11. Nf1 {[%emt 0:00:30]} Nf8 {[%emt 0:00:30]} 12. Ng3 {[%emt 0:00:30]} g6 {[%emt 0:00:30]} 13. a4 {[%emt 0:00:30]} Rb8 {[%emt 0:00:30]} 14. Qd2 {[%emt 0:00:30]} (14. axb5 $11 axb5 15. Bb3) 14... Ne6 {[%emt 0:00:30]} (14... b4 $17) 15. axb5 {[%emt 0:00:30]} axb5 {[%emt 0:00:30]} 16. Bb3 {[%emt 0:00:30]} b4 {[%emt 0:00:30]} 17. Bxe6 {[%emt 0:00:30]} Bxe6 {[%emt 0:00:30]} 18. Nf5 {[%emt 0:00:30]} Bf8 {[%emt 0:00:30]} 19. Nh6+ {[%emt 0:00:30] [#]} Kh8 $1 {[%emt 0:00:30]} 20. g5 {[%emt 0:00:30]} bxc3 {[%emt 0:00:30]} 21. Qxc3 {[%emt 0:00:30]} (21. bxc3 $17 {was the only chance.} f5 22. gxf6) 21... Qd7 {[%emt 0:00:30]} 22. Be3 {[%emt 0:00:30]} Rb3 {[%emt 0:00:30]} 23. Qd2 {[%emt 0:00:30]} d5 {[%emt 0:00:30]} 24. Qd1 {[%emt 0:00:30]} dxe4 $19 {[%emt 0:00:30]} (24... d4 $142 25. Bc1 Nb4 26. Nxe5 Qb5 {[%mdl 64] Remove Defender}) 25. dxe4 {[%emt 0:00:30]} Rd3 {[%emt 0:00:30]} 26. Qe2 {[%emt 0:00:30]} Bb4+ {[%emt 0:00:30]} 27. Kf1 {[%emt 0:00:30]} Bc4 {[%emt 0:00:30]} 28. Kg2 {[%emt 0:00:30]} Rd8 {[%emt 0:00:30]} 29. Rac1 {[%emt 0:00:30]} Qe6 {[%emt 0:00:30]} 30. Qc2 {[%emt 0:00:30]} Na5 {[%emt 0:00:30]} 31. Rhd1 {[%emt 0:00:30]} c5 {[%emt 0:00:30]} 32. b3 {[%emt 0:00:30]} Ba6 {[%emt 0:00:30]} 33. Nxe5 {[%emt 0:00:30]} Kg7 {[%emt 0:00:30]} 34. Nxd3 {[%emt 0:00:30]} Qxe4+ {[%emt 0:00:30]} 35. f3 {[%emt 0:00:30]} Qxe3 {[%emt 0:00:30]} 36. Qb2+ {[%emt 0:00:30]} Rd4 {[%emt 0:00:30]} 37. Nxb4 {[%emt 0:00:30]} Bb7 38. Qf2 {[%emt 0:00:30]} Qxg5+ {[%emt 0:01:00]} 39. Qg3 {[%emt 0:00:30]} Rd2+ {[%emt 0:00:30]} 40. Rxd2 {[%emt 0:00:30]} Qxd2+ {[%emt 0:00:30]} 41. Qf2 {[%emt 0:00:30]} Qxc1 {[%emt 0:00:30]} 42. Nf5+ {[%emt 0:00:30]} gxf5 {[%emt 0:00:30]} 43. Qg3+ {[%emt 0:00:30]} Kh6 {[%emt 0:00:30]} 44. Qd6+ {[%emt 0:00:30]} Kh5 {[%emt 0:00:30]} 45. Nd3 {[%emt 0:00:30]} Qd2+ {[%emt 0:00:30]} 46. Kg3 {[%emt 0:00:30]} Qg5+ {[%emt 0:00:30]} 47. Kh2 {[%emt 0:00:30]} Bxf3 {[%emt 0:00:30]} 48. Nf4+ {[%emt 0:00:30]} Kh4 {[%emt 0:00:30]} 49. Qe5 {[%emt 0:00:30]} Qg3# {[%emt 0:00:30]} 0-1

[Event "6th Uppsala Young Champions 2019"]
[Site "Uppsala"]
[Date "2019.10.28"]
[Round "5.15"]
[White "Muntean, Victor"]
[Black "Grahn, Vidar"]
[Result "1-0"]
[WhiteElo "2020"]
[BlackElo "1926"]
[Annotator "NA"]
[PlyCount "93"]
[EventDate "2019.10.25"]
[EventType "swiss"]
[EventCountry "SWE"]
[SourceTitle "playchess.com"]
[Source "ChessBase"]
[SourceQuality "1"]
[TimeControl "5400+30"]

{[%evp 21,93,9,27,7,8,3,0,0,24,15,38,11,57,-66,-7,-22,32767,7,32767,32767,32767,60,32767,32767,140,112,32767,32767,32767,132,32767,169,167,32767,32767,32767,32767,32767,300,358,314,270,295,314,336,32767,395,431,32767,32767,32767,597,619,462,483,32767,32767,750,739,798,1185,32767,32767,32767,32767,32767,32767,32767,32767,32767,32767,32767,32767,29981]} 1. e4 {[%emt 1:30:30]} c5 {[%emt 1:30:30]} 2. c3 {[%emt 0:00:30]} d5 {[%emt 0:00:30]} 3. exd5 {[%emt 0:00:30]} Qxd5 {[%emt 0:00:30]} 4. d4 {[%emt 0:00:30]} Nc6 {[%emt 0:00:30]} 5. Nf3 {[%emt 0:00:30]} Bg4 {[%emt 0:00:30]} 6. Be2 {[%emt 0:00:30]} cxd4 {[%emt 0:00:30]} 7. cxd4 {[%emt 0:00:30]} e6 {[%emt 0:00:30]} 8. Nc3 {[%emt 0:00:30]} Qa5 {[%emt 0:00:30]} 9. O-O {[%emt 0:00:30]} Nf6 {[%emt 0:00:30]} 10. h3 {[%emt 0:00:30]} Bh5 {[%emt 0:00:30]} 11. Qb3 {[%emt 0:00:30]} Qb4 {[%emt 0:00:30]} 12. Qxb4 {[%emt 0:00:30]} Bxb4 {[%emt 0:00:30]} 13. Be3 {[%emt 0:00:30]} O-O {[%emt 0:00:30]} 14. a3 {[%emt 0:00:30] B22: Sicilian: 2 c3} (14. Rac1 Rfd8 15. Rfd1 Nd5 16. Kf1 Nxe3+ 17. fxe3 f6 18. Ne4 Bf7 19. Nc5 Bxc5 20. Rxc5 Nb4 21. a3 b6 {½-½ (30) Simutowe,A (2481)-Jones,G (2554) Cape Town 2009}) 14... Be7 15. Rfd1 {[%emt 0:00:30]} Rfd8 {[%emt 0:01:00]} 16. Rac1 {[%emt 0:00:30]} Rac8 {[%emt 0:00:30]} 17. Na4 $146 {[%emt 0:00:30]} ({Better is Predecessor:} 17. g4 $11 Bg6 18. Ne5 (18. Nh4 Kh8 19. Nxg6+ hxg6 20. Bf3 Nd5 21. Nxd5 exd5 {½-½ (81) Van Weersel,A-Bensdorp,M Leiden 1998})) 17... Nd5 {[%emt 0:00:30]} (17... Bxf3 $1 $15 18. Bxf3 {[#]} Nxd4 $1 {[%mdl 512]}) 18. Nc5 {[%emt 0:00:30]} Bxc5 {[%emt 0:00:30]} 19. dxc5 {[%emt 0:00:30]} Nxe3 {[%emt 0:00:30]} 20. fxe3 {[%emt 0:00:30]} Ne7 {[%emt 0:00:30]} 21. b4 {[%emt 0:00:30]} a6 {[%emt 0:00:30]} 22. Kf2 {[%emt 0:00:30]} Nd5 {[%emt 0:00:30] [#]} (22... Bxf3 $14 23. Bxf3 (23. gxf3 Kf8 $14) 23... Nc6) 23. Rd4 {[%emt 0:00:30]} ({White should play} 23. c6 $1 $18 {[%mdl 512]} bxc6 24. Bxa6) 23... Kf8 {[%emt 0:00:30]} 24. g4 {[%emt 0:00:30]} Bg6 {[%emt 0:00:30]} 25. Ne5 {[%emt 0:00:30]} Ne7 {[%emt 0:00:30]} 26. Rcd1 {[%emt 0:00:30]} Rxd4 {[%emt 0:00:30]} 27. Rxd4 {[%emt 0:00:30]} Ke8 {[%emt 0:00:30]} 28. Nc4 {[%emt 0:00:30]} e5 {[%emt 0:00:30]} 29. Rd1 {[%emt 0:00:30]} Rd8 {[%emt 0:00:30]} 30. Nd6+ {[%emt 0:00:30]} Kf8 {[%emt 0:00:30]} 31. Nxb7 {[%emt 0:00:30]} Rxd1 {[%emt 0:00:30]} 32. Bxd1 {[%emt 0:00:30]} Bd3 {[%emt 0:00:30]} 33. Be2 {[%emt 0:00:30]} Bxe2 {[%emt 0:00:30]} 34. Kxe2 {[%emt 0:00:30]} Nc6 {[%emt 0:00:30]} 35. Kd3 {[%emt 0:00:30]} Ke7 {[%emt 0:00:30]} 36. Kc4 {[%emt 0:00:30]} Ke6 {[%emt 0:00:30]} 37. b5 {[%emt 0:00:30]} axb5+ {[%emt 0:00:30]} 38. Kxb5 {[%emt 0:00:30]} Kd7 {[%emt 0:00:30]} 39. Kb6 {[%emt 0:00:30]} g6 {[%emt 0:00:30]} 40. Nd6 {[%emt 0:00:30]} f6 {[%emt 0:00:30]} 41. Ne4 {[%emt 0:00:30]} f5 {[%emt 0:00:30]} 42. gxf5 {[%emt 0:00:30]} gxf5 {[%emt 0:00:30]} 43. Nf6+ {[%emt 0:00:30]} Ke6 {[%emt 0:00:30]} 44. Kxc6 {[%emt 0:00:30]} Kxf6 {[%emt 0:00:30]} 45. Kd5 {[%emt 0:00:30]} e4 {[%emt 0:00:30]} 46. c6 {[%emt 0:00:30]} f4 {[%emt 0:00:30]} 47. Kxe4 {[%emt 0:00:30]} 1-0